Esaminer errors on the WRAT-R / [et al.] (Record no. 68024)
[ view plain ]
| 000 -CABECERA | |
|---|---|
| campo de control de longitud fija | 00671nam a2200253 a 4500 |
| 005 - FECHA Y HORA DE LA ÚLTIMA TRANSACCIÓN | |
| campo de control | 20210219153101.0 |
| 008 - ELEMENTOS DE LONGITUD FIJA--INFORMACIÓN GENERAL | |
| campo de control de longitud fija | 991125n 000 0 u |
| 035 ## - NÚMERO DE CONTROL DEL SISTEMA | |
| Número de control de sistema | UPN01000077130 |
| 100 ## - ASIENTO PRINCIPAL--NOMBRE PERSONAL | |
| Nombre de persona | Peterson, Daniel |
| 222 ## - TÍTULO CLAVE | |
| Título clave | PSYCHOLOGY IN THE SCHOOLS |
| 245 ## - MENCIÓN DE TÍTULO | |
| Título | Esaminer errors on the WRAT-R / [et al.] |
| 300 ## - DESCRIPCIÓN FÍSICA | |
| Extensión | 205-208 |
| 362 ## - FECHAS DE PUBLICACIÓN Y/O DESIGNACIÓN SECUENCIAL | |
| Fecha de publicación y/o designación secuencial | 28, No. 3, 1991 |
| 505 ## - NOTA DE CONTENIDO CON FORMATO PREESTABLECIDO | |
| Nota de contenido con formato | Marzo 1992 |
| 653 0# - TERMINO DE INDIZACION - NO CONTROLADO | |
| Término no controlado | DIAGNOSTICO EDUCATIVO |
| 653 0# - TERMINO DE INDIZACION - NO CONTROLADO | |
| Término no controlado | ERROR DE MEDICION |
| 653 0# - TERMINO DE INDIZACION - NO CONTROLADO | |
| Término no controlado | INSPECTORES |
| 653 0# - TERMINO DE INDIZACION - NO CONTROLADO | |
| Término no controlado | MODELOS DE ERROR |
| 653 0# - TERMINO DE INDIZACION - NO CONTROLADO | |
| Término no controlado | PRUEBAS DE RENDIMINETO |
| 700 ## - ASIENTO SECUNDARIO--NOMBRE DE PERSONAL | |
| Nombre de persona | Steger, Helen S. |
| 700 ## - ASIENTO SECUNDARIO--NOMBRE DE PERSONAL | |
| Nombre de persona | Slate, John R. |
| 904 ## - ELEMENTOS DE DATOS D LOCAL, LDD (RLIN) | |
| a | AC |
| b | 014941 |
| 905 ## - TIPO DE MATERIAL | |
| Tipo de material | Articulo |
No items available.
